00457 2200181 4500001002100000005001500021035002000036245004000056100001400096250001000110300003500120260003400155082000800189084001400197020001900211600002500230990002000255INLIS00000000000526620250220103654 a0010-02250000801 aMalam Yang Menegangkan /cTere Liye0 aTere Liye aCet.1 a72 hlm, :bilus ;c23 x 30 cm. aJakarta; :bSabakgrip,c2024. a813 a813 TER m a978623888221-2 aIlustrasi,Indra Bayu a16228/P/BL/2025